ბათუმის შოთა რუსთაველის სახელმწიფო უნივერსიტეტის ბიბლიოთეკა

Subliminal: How Your Unconscious Mind Rules Your Behavior (ბიბ.ჩანაწერი № 49258)

000 -LEADER
fixed length control field 00598nam a2200229Ia 4500
001 - CONTROL NUMBER
control field 16172
003 - CONTROL NUMBER IDENTIFIER
control field GE_BSU
008 - FIXED-LENGTH DATA ELEMENTS--GENERAL INFORMATION
fixed length control field 181216s||||||||xx |||||||||||||| ||und||
020 ## - INTERNATIONAL STANDARD BOOK NUMBER
International Standard Book Number 9780307472250
040 ## - CATALOGING SOURCE
Transcribing agency GE_BSU
080 ## - UNIVERSAL DECIMAL CLASSIFICATION NUMBER
Universal Decimal Classification number 154.2
100 ## - MAIN ENTRY--PERSONAL NAME
Personal name Mlodinow, Leonard
245 ## - TITLE STATEMENT
Title Subliminal: How Your Unconscious Mind Rules Your Behavior
260 ## - PUBLICATION, DISTRIBUTION, ETC.
Place of publication, distribution, etc. New York
260 ## - PUBLICATION, DISTRIBUTION, ETC.
Name of publisher, distributor, etc. Vintage books
260 ## - PUBLICATION, DISTRIBUTION, ETC.
Date of publication, distribution, etc. 2012
300 ## - PHYSICAL DESCRIPTION
Extent 260p.ill.21cm.
653 ## - INDEX TERM--UNCONTROLLED
Uncontrolled term Subliminal: How Your Unconscious Mind Rules Your Behavior
653 ## - INDEX TERM--UNCONTROLLED
Uncontrolled term ფსოქოლოგია
942 ## - ADDED ENTRY ELEMENTS (KOHA)
Koha item type წიგნი
ეგზემპლარები
Withdrawn status Lost status Damaged status Not for loan Date acquired Barcode Date last seen Price effective from Koha item type
        2018-12-17 40560 2018-12-17 2018-12-17 წიგნი